000 01108nam a22002777a 4500
001 17135
003 BD-RjUL
005 20211209000108.0
008 140216r19671909ii ab a f000 0 eng
035 _a(BD-RjUL)17192
040 _aDLC
_cDLC
_beng
_dBD-RjUL
041 0 _aengmul
082 _a409.54
_bLIN 1967
245 0 0 _aLinguistic survey of India /
_c[compiled and edited] by George Abraham Grierson.
_nVOL. III.
_pTibeto-Burman Family : Part.I.
_pGeneral Introduction, Specimens of the Tibetan Dialects, The Himalayan Dialects, and the North Assam Group.
260 _aDelhi ;
_aCalcutta :
_bGovt. of India, Central Publication Branch,
_c1909.[reprint-1967]
300 _a v. [XXii,621p.,24p] :
_bill., maps ;
_c28 cm.
650 _a Language surveys
_z India
_954271
651 0 _aIndia
_xLanguages
_xSurveys.
_952853
651 0 _aIndia
_xLanguages.
_954272
830 0 _vitem 08878.
_954418
700 1 _aGrierson, George Abraham, ed.
_952855
830 0 _aSAMP early 20th-century Indian books project ;
_954419
942 _2ddc
_cRAR
999 _c17135
_d17135